Missing Word: 'Return' Movies Quiz Stats

 Plays Quiz Updated Jul 24, 2016

Challenge
Share
Tweet
Embed
Score 0/14 Timer 03:00
1 Play Today
Movie title Missing word % Correct
Star Wars: Episode VI - Return of the _____Jedi
92.3%
The Return of the Pink _____Panther
92%
The Return of the Living _____Dead
91%
The Invisible ______ Returns Man
89.6%
_____ McPhee ReturnsNanny
86.1%
The Lord of the Rings: The Return of the _____King
85.5%
Return of the Magnificent _____Seven
80.5%
Movie title Missing word % Correct
_____ of No ReturnPoint
78.9%
The Return of Swamp _____Thing
71.4%
Halloween 4: The Return of Michael _____Myers
69.3%
The Return of _____ NemoCaptain
69%
Return of the Killer _____!Tomatoes
51.8%
The Return of a Man Called ______Horse
24.6%
Children of the Corn 666: _____'s ReturnIsaac
10.9%

Today's Daily Dose

You're not logged in!

Compare scores with friends on all Sporcle quizzes.
Join for Free
OR
Log In

You Might Also Like...

Show Comments

Extras

Top Quizzes Today


Score Distribution

Your Account Isn't Verified!

In order to create a playlist on Sporcle, you need to verify the email address you used during registration. Go to your Sporcle Settings to finish the process.

Report this User

Report this user for behavior that violates our Community Guidelines.

Details: